Score 0/16 Timer 05:00
13 Plays Today
Hint Answer % Correct
A position on a Quidditch teamBeater
94%
Name of the ball in Quidditch that tries to knock players off their broomsBludger
88.2%
The monster that lived in the Chamber of SecretsBasilisk
85.7%
Death Eater that tortured Neville's parents to insanityBellatrix Lestrange and Barty Crouch Jr.
85%
Creature that turns into your worst fearBoggart
84.4%
Name of the Weasley's houseThe Burrow
79.3%
Ghost of Slytherin houseBloody Baron
78.5%
Hagrid's HippogriffBuckbeak
77.8%
Hint Answer % Correct
Author of 'A History of Magic'Bathilda Bagshot
71.7%
One of the centaurs in the forestBane
62.9%
Ron Weasley's middle nameBilius
60.3%
The hex that Ginny is especially good at Bat-Bogey hex
44.4%
The Weasley Harry pretends to be during Bill and Fleur's weddingBarny Weasley
40.1%
Fierce lobster-like creatures that were used for the third task in the Triwizard TournamentBlast-Ended Skrewts
38.4%
Ingredient Hermione stole from Snape's private stores to make the Polyjuice PotionBoomslang Skin
31.8%
Creatures that look like twigs and were taught about in a Care of Magical Creatures lessonBowtruckles
28.7%
Remove Ads.
Support Sporcle.
Get the best of Sporcle when you Go Orange. This ad-free experience offers more features, more stats, and more fun while also helping to support Sporcle. Thank you for becoming a member.

You're not logged in!

Compare scores with friends on all Sporcle quizzes.
OR
Log In

Show Comments

Extras

Top Quizzes Today


Score Distribution

Your Account Isn't Verified!

In order to create a playlist on Sporcle, you need to verify the email address you used during registration. Go to your Sporcle Settings to finish the process.

Report this User

Report this user for behavior that violates our Community Guidelines.

Details: